000 00586nam a2200193 4500
005 20241127111030.0
008 241104b |||||||| |||| 00| 0 eng d
020 _aX
_c[n.p.]
040 _aMAIN
082 _a615.19
_bR298I
100 _aRenu
245 _aIn-silico desgin, synthesis and biological evaluation of medicinally significant novel dihydrofolate reductase (DHFR) inhibitors
260 _bDept. of Pharmaceutical, M D University, Rohtak
_c2024
300 _axiv, 283
650 _aPharmaceutical Sciences
700 _aKhatkar, Anurag
942 _cTH
999 _c358171
_d358171